000 00343nam a2200133 a 4500
001 000036980
005 20200930080048.0
008 120207s19uu ne a 000 0 spa d
040 _aDO-SdBNP
_bspa
_cBNPHU
082 _axxx
245 0 0 _aFertilización del arroz.
260 _aHolanda :
_bAlbatros,
_c[s.f.].
300 _a36 p. :
_bil. ;
_c23 cm.
999 _c36470
_d36470